[Event "Mind Sports Games - Rapid Team"]
[Site "Pechino CINA"]
[Date "2008.10.15"]
[Round "6"]
[White "Ghaem Maghami, E."]
[Black "Stefansson, H."]
[Result "1-0"]
[WhiteElo "2599"]
[BlackElo "2575"]
[PlyCount "61"]
[EventDate "2008.10.14"]
[Source "www.chesslib.no"]
[SourceDate "2004.05.04"]

1. e4 e5 2. Nf3 Nc6 3. Bb5 Nf6 4. d3 d6 5. c4 Be7 6. h3 O-O 7. O-O Nd7 8. Be3 Bf6 9. c5 Nd4 10. Bxd4 exd4 11. cxd6 cxd6 12. Bc4 Qb6 13. Na3 Ne5 14. Bb3 Nxf3+ 15. Qxf3 Be6 16. Bxe6 fxe6 17. Nc4 Qc5 18. Qg4 Rfe8 19. Rac1 Rac8 20. a4 Rc6 21. f4 g6 22. e5 dxe5 23. fxe5 Bxe5 24. Qf3 Rc7 25. b4 Qd5 26. Qxd5 exd5 27. Nxe5 Rxc1 28. Rxc1 Rxe5 29. Rc7 b6 30. Rxa7 Re3 31. b5 1-0

[Event "Ubeda op"]
[Site "Ubeda"]
[Date "1998.01.24"]
[Round "5"]
[White "Lobzhanidze, Davit"]
[Black "Giorgadze, Giorgi"]
[Result "1/2-1/2"]
[WhiteElo "2485"]
[BlackElo "2605"]
[PlyCount "80"]
[EventDate "1998.01.20"]
[Source "ChessBase"]
[SourceDate "1998.03.09"]

1. e4 e5 2. Nf3 Nc6 3. Bb5 Nf6 4. d3 d6 5. c4 Be7 6. h3 O-O 7. Nc3 Nd7 8. Be3 Bf6 9. Ne2 g6 10. g4 Bg7 11. Bxc6 bxc6 12. Ng3 d5 13. Qd2 dxc4 14. dxc4 Nb6 15. Qc2 Re8 16. O-O a5 17. a4 Be6 18. b3 Qe7 19. Rad1 h5 20. Nh2 Qh4 21. c5 Nd7 22. Nf5 gxf5 23. gxf5 Qxh3 24. fxe6 Rxe6 25. Kh1 Rg6 26. Rg1 Nf8 27. Qc4 Qe6 28. Qxe6 Nxe6 29. Nf3 Rb8 30. Rd3 Rxg1+ 31. Kxg1 Rb4 32. Nd2 Bf8 33. Nc4 Nxc5 34. Bxc5 Bxc5 35. Kg2 Kg7 36. Kg3 Kf6 37. f4 exf4+ 38. Kxf4 Rb8 39. e5+ Ke6 40. Nxa5 Rb4+ 1/2-1/2

[Event "Iranian Super League"]
[Site "?"]
[Date "2005.08.26"]
[Round "9"]
[White "Ghaem Maghami Ehsan"]
[Black "Galstian Beniamin"]
[Result "1-0"]
[WhiteElo "2632"]
[BlackElo "2448"]
[PlyCount "73"]
[EventDate "2005.??.??"]
[Source "www.chesslib.no"]
[SourceDate "2004.05.04"]

1. e4 e5 2. Nf3 Nc6 3. Bb5 Nf6 4. d3 d6 5. c4 g6 6. Nc3 Bg7 7. h3 O-O 8. O-O Nd4 9. Nxd4 exd4 10. Ne2 Nd7 11. b4 a5 12. Bxd7 Bxd7 13. b5 c6 14. bxc6 bxc6 15. Bf4 Qe7 16. Qd2 a4 17. Bg5 Qe5 18. f4 Qc5 19. f5 gxf5 20. Ng3 fxe4 21. Nxe4 Qa5 22. Qf2 f5 23. Nxd6 Qe5 24. Bf4 Qf6 25. Rae1 c5 26. Qf3 Kh8 27. Qd5 Ra6 28. Be5 Qg6 29. Bxg7+ Qxg7 30. Nxf5 Bxf5 31. Rxf5 Raf6 32. Rxf6 Qxf6 33. Qxc5 Qf2+ 34. Kh2 Rf6 35. Re4 Qxa2 36. Re8+ Kg7 37. Qe7+ 1-0

[Event "SLO-chT"]
[Site "Celje"]
[Date "2004.11.30"]
[Round "3"]
[White "Naiditsch, Arkadij"]
[Black "Zaja, Ivan"]
[Result "1-0"]
[WhiteElo "2611"]
[BlackElo "2459"]
[PlyCount "117"]
[EventDate "2004.11.29"]
[Source "Roberto Alvarez"]
[SourceDate "2004.12.06"]

1. e4 e5 2. Nf3 Nc6 3. Bb5 Nf6 4. d3 d6 5. c4 g6 6. Nc3 Bg7 7. d4 exd4 8. Nxd4 Bd7 9. Bxc6 bxc6 10. O-O c5 11. Nde2 O-O 12. f3 Be6 13. b3 Nd7 14. Bb2 Nb8 15. Qd2 Nc6 16. Nb5 a6 17. Bxg7 Kxg7 18. Nbc3 a5 19. Rad1 f6 20. a4 Rb8 21. Nb5 Qd7 22. h4 Rbe8 23. Nf4 Rf7 24. h5 g5 25. Ne2 Kf8 26. Nec3 Ke7 27. Nd5+ Bxd5 28. cxd5 Nb4 29. Na3 Kd8 30. g4 Ke7 31. Nc4 Ra8 32. Ne3 Kf8 33. f4 Re8 34. fxg5 Rxe4 35. gxf6 Rxe3 36. Qxe3 Qxg4+ 37. Kh2 Qxh5+ 38. Qh3 Qxh3+ 39. Kxh3 Ke8 40. Rf5 Nc2 41. Rd3 Nd4 42. Rf1 Kd7 43. Rg3 c6 44. Rg7 Ke8 45. Rg8+ Kd7 46. Ra8 cxd5 47. Ra7+ Ke6 48. Re1+ Kxf6 49. Rf1+ Ke5 50. Rfxf7 Nxb3 51. Kg3 d4 52. Kf3 c4 53. Rfb7 Nc5 54. Rxa5 c3 55. Rxc5+ dxc5 56. Ke2 c4 57. a5 d3+ 58. Kd1 c2+ 59. Kd2 1-0

[Event "Belgium"]
[Site "?"]
[Date "2002.01.06"]
[Round "6"]
[White "Dgebuadze Alexandre"]
[Black "Winants Luc"]
[Result "1-0"]
[WhiteElo "2544"]
[BlackElo "2488"]
[PlyCount "97"]
[EventDate "2002.??.??"]
[Source "www.chesslib.no"]
[SourceDate "2004.05.04"]

1. e4 e5 2. Nf3 Nc6 3. Bb5 Nf6 4. d3 d6 5. c4 g6 6. Nc3 Bg7 7. O-O Bg4 8. h3 Bxf3 9. Qxf3 Nd7 10. Bxc6 bxc6 11. b4 Nf8 12. a4 Ne6 13. b5 O-O 14. Bd2 Qd7 15. Rab1 f5 16. Qd1 Rf7 17. f3 Bf6 18. Be3 Bh4 19. Kh1 c5 20. exf5 gxf5 21. f4 Bf6 22. Nd5 Bg7 23. Qh5 Raf8 24. Rf2 exf4 25. Bxf4 Re8 26. Bh6 Ref8 27. Bxg7 Kxg7 28. Re1 Nd4 29. Qg5+ Kh8 30. Rff1 Rg8 31. Qh6 Rg6 32. Qh4 Rg8 33. Rf4 Re8 34. Rxe8+ Qxe8 35. Rf1 Ne2 36. Re1 Qe5 37. Qf2 Ng3+ 38. Kg1 Qd4 39. Qxd4+ cxd4 40. Nf4 h5 41. Kf2 h4 42. Ng6+ Kg7 43. Nxh4 Nh5 44. g3 Kf6 45. Nf3 Rg7 46. Rg1 f4 47. g4 Ng3 48. Re1 Rh7 49. Kg2 1-0

[Event "NRW-Cup Masters op"]
[Site "Muenster"]
[Date "1997.??.??"]
[Round "9"]
[White "Kupreichik, Viktor D"]
[Black "Kalinitschew, Sergey"]
[Result "1/2-1/2"]
[WhiteElo "2500"]
[BlackElo "2525"]
[PlyCount "37"]
[EventDate "1997.10.??"]
[Source "ChessBase"]
[SourceDate "1997.11.24"]

1. e4 e5 2. Nf3 Nc6 3. Bb5 Nf6 4. d3 d6 5. c4 Be7 6. Nc3 O-O 7. Bxc6 bxc6 8. d4 Nd7 9. O-O Bf6 10. Be3 Re8 11. Re1 Qe7 12. Rc1 Nf8 13. h3 Ng6 14. b4 exd4 15. Nxd4 Bxd4 16. Qxd4 Qh4 17. Bd2 Be6 18. Ne2 a5 19. c5 1/2-1/2

[Event "Minsk"]
[Site "Minsk"]
[Date "1996.??.??"]
[Round "7"]
[White "Kupreichik, Viktor D"]
[Black "Aleksandrov, Aleksej"]
[Result "0-1"]
[WhiteElo "2485"]
[BlackElo "2535"]
[PlyCount "130"]
[EventDate "1996.??.??"]
[Source "ChessBase"]

1. e4 e5 2. Nf3 Nc6 3. Bb5 Nf6 4. d3 d6 5. c4 g6 6. Nc3 Bg7 7. Bg5 h6 8. Bh4 O-O 9. Qd2 Bg4 10. Bxc6 bxc6 11. Ng1 Rb8 12. b3 Be6 13. f3 Qe7 14. Nge2 Rfe8 15. g4 Nxe4 16. dxe4 Qxh4+ 17. Ng3 f5 18. gxf5 gxf5 19. O-O-O Rf8 20. Rhg1 fxe4 21. fxe4 Qg5 22. Kc2 Bg4 23. Nge2 Qxd2+ 24. Rxd2 h5 25. Ng3 Kh7 26. h3 Bf3 27. Rf2 Rf4 28. Nf5 Bf6 29. Kd2 Rg8 30. Rxg8 Kxg8 31. Ne2 Bxe4 32. Nxf4 exf4 33. Kd1 f3 34. Ng3 d5 35. Nxh5 Be5 36. Kd2 d4 37. Rf1 Kf7 38. Ke1 Kg6 39. Kf2 Bd3 40. Re1 Be2 41. Ng3 Bxg3+ 42. Kxg3 d3 43. Kf2 d2 44. Rxe2 d1=Q 45. Kxf3 Kf5 46. Ke3 Ke5 47. Rd2 Qf1 48. h4 Qh3+ 49. Ke2 Ke4 50. Kd1 Qc3 51. Rc2 Qa1+ 52. Kd2 Kd4 53. c5 Kd5 54. Rc4 Qxa2+ 55. Kc3 Qf2 56. Ra4 Kxc5 57. Ra5+ Kd6 58. Ra4 c5 59. Rc4 Ke5 60. Ra4 Kf5 61. Rc4 Kg6 62. Ra4 Kh5 63. Rc4 a5 64. Ra4 Qe3+ 65. Kc2 Qd4 0-1

[Event "Lvov Cup of Galychina"]
[Site "Lvov"]
[Date "2001.12.25"]
[Round "8"]
[White "Kozakov, Mikhail"]
[Black "Levin, Felix"]
[Result "0-1"]
[WhiteElo "2473"]
[BlackElo "2531"]
[PlyCount "104"]
[EventDate "2001.12.18"]
[Source "ChessBase"]
[SourceDate "2002.03.21"]

1. e4 e5 2. Nf3 Nc6 3. Bb5 Nf6 4. d3 d6 5. c4 g6 6. Nc3 Bg7 7. d4 exd4 8. Nxd4 Bd7 9. Nde2 O-O 10. O-O a6 11. Bxc6 Bxc6 12. f3 Nd7 13. Be3 Re8 14. Bd4 Be5 15. Rc1 b5 16. cxb5 axb5 17. a3 Qb8 18. Na2 Bb7 19. Bxe5 Nxe5 20. Nec3 Nc4 21. Rf2 c6 22. Qd4 Qa7 23. Qxa7 Rxa7 24. Nb4 Ba8 25. Rd1 Re6 26. Nb1 f5 27. b3 Na5 28. exf5 gxf5 29. Rfd2 c5 30. Nc2 d5 31. b4 Nb3 32. bxc5 Nxd2 33. Nxd2 Ra4 34. Kf2 f4 35. Rb1 Bc6 36. Nb3 Rc4 37. Ncd4 Rg6 38. Ra1 Rc3 39. g3 fxg3+ 40. hxg3 Be8 41. Re1 Kf8 42. Rh1 h6 43. Ke2 Rxg3 44. Kd2 Rc4 45. Rxh6 Rg2+ 46. Ke3 Ra2 47. Kf4 Re2 48. Rd6 b4 49. axb4 Ba4 50. Kf5 Re3 51. Ne6+ Ke7 52. Nbd4 Bd7 0-1

[Event "BL2-W9697"]
[Site "Germany"]
[Date "1996.??.??"]
[Round "?"]
[White "Kupreichik, Viktor D"]
[Black "Haba, Petr"]
[Result "1/2-1/2"]
[WhiteElo "2510"]
[BlackElo "2485"]
[PlyCount "104"]
[EventDate "1996.10.??"]
[Source "www.chesslib.no"]
[SourceDate "2004.05.04"]

1. e4 e5 2. Nf3 Nc6 3. Bb5 Nf6 4. d3 d6 5. c4 g6 6. Nc3 Bg7 7. Nd5 h6 8. Be3 O-O 9. Nxf6+ Qxf6 10. Bxc6 bxc6 11. Qd2 Kh7 12. h4 Qe7 13. h5 g5 14. Nh2 f5 15. exf5 Bxf5 16. g4 Be6 17. O-O e4 18. dxe4 Bxc4 19. Rfc1 Qxe4 20. f3 Qe6 21. Re1 Qd5 22. Rac1 Qxd2 23. Bxd2 Bd5 24. Re7 Kg8 25. Bc3 Rf7 26. Rxf7 Kxf7 27. Kf2 c5 28. a3 Rb8 29. b4 Bxc3 30. Rxc3 c4 31. Nf1 Be6 32. Nd2 a5 33. Nxc4 axb4 34. axb4 Rxb4 35. Nd2 Rb7 36. Ke3 Ke7 37. Ra3 c5 38. Ra8 d5 39. Rh8 d4+ 40. Kd3 Kd6 41. Ne4+ Kd5 42. Rxh6 c4+ 43. Kc2 Rb3 44. Rg6 d3+ 45. Kc1 c3 46. Nxc3+ Rxc3+ 47. Kd2 Ra3 48. h6 Ke5 49. h7 Ra2+ 50. Kxd3 Rh2 51. Rxg5+ Kf6 52. Rh5 Rxh5 1/2-1/2

[Event "Wiesbaden op"]
[Site "Wiesbaden"]
[Date "1998.08.25"]
[Round "5"]
[White "Kupreichik, Viktor D"]
[Black "Ragozin, Evgeni"]
[Result "0-1"]
[WhiteElo "2505"]
[BlackElo "2480"]
[PlyCount "112"]
[EventDate "1998.??.??"]
[Source "www.chesslib.no"]
[SourceDate "2004.05.04"]

1. e4 e5 2. Nf3 Nc6 3. Bb5 Nf6 4. d3 d6 5. c4 Be7 6. Nc3 O-O 7. h3 Nd7 8. Be3 Bf6 9. Ne2 Ne7 10. O-O Nc5 11. Rb1 Ng6 12. b4 Ne6 13. c5 d5 14. exd5 Qxd5 15. Re1 Qd8 16. d4 exd4 17. Nexd4 Nxd4 18. Nxd4 Qd5 19. Nb3 Be6 20. a3 Rad8 21. Qxd5 Bxd5 22. f3 c6 23. Bf1 Rfe8 24. Bf2 Rxe1 25. Bxe1 Ne5 26. Na5 b6 27. Nb3 Nc4 28. Bxc4 Bxc4 29. cxb6 axb6 30. Nd2 Bd4+ 31. Kh2 Bb5 32. Bg3 f5 33. Nb3 Be3 34. Be5 Rd3 35. Kg3 Bc4 36. Na1 b5 37. Nc2 Bb6 38. Kf4 Kf7 39. Re1 g6 40. h4 Bb3 41. Ne3 h6 42. Nf1 Bf2 43. Rc1 Bc4 44. h5 Rxa3 45. hxg6+ Kxg6 46. Rd1 Bd5 47. Bd4 Bh4 48. Ke5 Ra8 49. Kd6 f4 50. Rb1 Ra2 51. Rb2 Rxb2 52. Bxb2 Be1 53. Kc5 Bc4 54. Nh2 h5 55. Bd4 Kg5 56. Kxc6 Kh4 0-1

[Event "Mitropa Cup"]
[Site "Charleville"]
[Date "2000.12.01"]
[Round "7"]
[White "Fressinet, Laurent"]
[Black "Cvek, Robert"]
[Result "1-0"]
[WhiteElo "2536"]
[BlackElo "2408"]
[PlyCount "79"]
[EventDate "2000.11.25"]
[Source "ChessBase"]
[SourceDate "2001.01.11"]

1. e4 e5 2. Nf3 Nc6 3. Bb5 Nf6 4. d3 d6 5. c4 g6 6. Nc3 Bd7 7. d4 exd4 8. Nxd4 Bg7 9. Bxc6 bxc6 10. O-O O-O 11. Bg5 h6 12. Bh4 Qb8 13. b3 Re8 14. f3 a5 15. Qd3 c5 16. Ndb5 Nh5 17. Rac1 c6 18. Qxd6 Qc8 19. Rfd1 Be6 20. Nc7 Bd4+ 21. Rxd4 cxd4 22. Nxe8 dxc3 23. Nc7 Ra7 24. Nxe6 Rd7 25. Qe5 fxe6 26. Be1 Qd8 27. Bxc3 Rd1+ 28. Rxd1 Qxd1+ 29. Kf2 Qc2+ 30. Ke3 Qc1+ 31. Bd2 Qg1+ 32. Kd3 Qxg2 33. Qxe6+ Kh7 34. Qf7+ Ng7 35. Bc3 Qf1+ 36. Kc2 Qe2+ 37. Kb1 Qf1+ 38. Kb2 Qf2+ 39. Ka3 Qc5+ 40. Ka4 1-0

[Event "Odorheiu Secuiesc zt"]
[Site "Odorheiu Secuiesc"]
[Date "1995.??.??"]
[Round "2"]
[White "Mrva, Martin"]
[Black "Ionescu, Constantin"]
[Result "0-1"]
[WhiteElo "2400"]
[BlackElo "2535"]
[PlyCount "58"]
[EventDate "1995.03.??"]
[Source "ChessBase"]

1. e4 e5 2. Nf3 Nc6 3. Bb5 Nf6 4. d3 d6 5. c4 g6 6. Nc3 Bg7 7. Nd5 Nd7 8. Bg5 f6 9. Be3 O-O 10. h4 Ne7 11. c5 Nxc5 12. Bxc5 dxc5 13. Bc4 Be6 14. h5 Nxd5 15. exd5 Bf7 16. hxg6 hxg6 17. Nh4 f5 18. Qf3 Qf6 19. g4 e4 20. Qh3 fxg4 21. Qxg4 exd3 22. Bxd3 Bxd5 23. f3 Rae8+ 24. Kd1 Rd8 25. Ke1 Rfe8+ 26. Kf1 Re3 27. Bxg6 Rxf3+ 28. Nxf3 Bxf3 29. Bh7+ Kf8 0-1

[Event "Moscow RUS"]
[Site "?"]
[Date "2005.02.15"]
[Round "1"]
[White "Panarin Michail"]
[Black "Ismagambetov Anuar"]
[Result "1-0"]
[WhiteElo "2495"]
[BlackElo "2408"]
[PlyCount "89"]
[EventDate "2005.??.??"]
[Source "www.chesslib.no"]
[SourceDate "2004.05.04"]

1. e4 e5 2. Nf3 Nc6 3. Bb5 Nf6 4. d3 d6 5. c4 g6 6. O-O Bg7 7. h3 O-O 8. Nc3 Nh5 9. Bg5 f6 10. Be3 Ne7 11. d4 Nf4 12. c5 g5 13. cxd6 cxd6 14. dxe5 fxe5 15. Bc4+ Kh8 16. Nxg5 Neg6 17. Nf7+ Rxf7 18. Bxf7 Bxh3 19. Bxg6 Qg5 20. Qf3 Qxg6 21. Bxf4 Bg4 22. Qd3 exf4 23. f3 Bh3 24. Rf2 Rg8 25. Kf1 Be5 26. Ke2 Qxg2 27. Rxg2 Rxg2+ 28. Kd1 Rg1+ 29. Kc2 Rxa1 30. Nd1 Rxa2 31. Qb5 Be6 32. Qxb7 Ra1 33. Qe7 Bg8 34. Nf2 Rg1 35. Ng4 Rg2+ 36. Kd3 Bxb2 37. Qxd6 Bg7 38. e5 Rg1 39. Ke4 a5 40. Qb6 Re1+ 41. Kxf4 a4 42. Nf6 Rd1 43. Qa7 a3 44. Nxg8 Kxg8 45. Qb8+ 1-0

[Event "Budapest FS10 GM"]
[Site "Budapest"]
[Date "2000.10.10"]
[Round "4"]
[White "Fogarasi, Tibor"]
[Black "Postny, Evgeny"]
[Result "1-0"]
[WhiteElo "2456"]
[BlackElo "2434"]
[PlyCount "77"]
[EventDate "2000.10.07"]
[Source "ChessBase"]
[SourceDate "2000.11.10"]

1. e4 e5 2. Nf3 Nc6 3. Bb5 Nf6 4. d3 d6 5. c4 g6 6. Nc3 Bg7 7. d4 exd4 8. Nxd4 Bd7 9. Nde2 O-O 10. O-O a6 11. Bxc6 Bxc6 12. f3 Qb8 13. a4 Nd7 14. Be3 Ne5 15. b3 Bd7 16. Qd2 Re8 17. Kh1 Nc6 18. Rad1 Na5 19. Rb1 b6 20. Bd4 Nc6 21. Bxg7 Kxg7 22. Nd5 Qd8 23. Qc3+ f6 24. b4 a5 25. b5 Nb8 26. f4 Be6 27. Nd4 Bg8 28. Rbe1 Nd7 29. Nc6 Qc8 30. Nde7 Qb7 31. e5 Rf8 32. exf6+ Nxf6 33. f5 g5 34. Re6 Bxe6 35. fxe6 Rae8 36. Nf5+ Kg8 37. e7 Rf7 38. Nh6+ Kg7 39. Nxf7 1-0

[Event "XVII Mitropa Cup"]
[Site "?"]
[Date "1997.??.??"]
[Round "?"]
[White "Mrva, M."]
[Black "Varga, Z."]
[Result "1/2-1/2"]
[WhiteElo "2395"]
[BlackElo "2495"]
[PlyCount "176"]
[EventDate "1997.??.??"]
[Source "www.chesslib.no"]
[SourceDate "2004.05.04"]

1. e4 e5 2. Nf3 Nc6 3. Bb5 Nf6 4. d3 d6 5. c4 g6 6. h3 Bg7 7. Nc3 O-O 8. Be3 Nd7 9. Bxc6 bxc6 10. g4 c5 11. Rg1 Nb8 12. h4 Nc6 13. h5 Rb8 14. Bg5 f6 15. Bc1 Nd4 16. h6 Bh8 17. Nxd4 cxd4 18. Ne2 Bd7 19. Ng3 Kf7 20. b3 Rg8 21. Bd2 c5 22. f3 a5 23. Rb1 Rb7 24. Kf2 Qc7 25. Qe1 Ra8 26. Ne2 Qd8 27. Ng3 Ra6 28. Qe2 Qb8 29. Qe1 Qd8 30. Qc1 Ra8 31. Qc2 Qf8 32. Rh1 Qd8 33. Rhg1 Qf8 34. Qd1 Qb8 35. Qe1 Qd8 36. Nf1 Qb8 37. Rg2 a4 38. b4 cxb4 39. Rxb4 Rxb4 40. Bxb4 a3 41. Kg1 Ra4 42. Ba5 Qa7 43. Bd2 Qb6 44. f4 exf4 45. Bxf4 Rb4 46. Qg3 Rb2 47. Bxd6 Rxg2+ 48. Kxg2 Qb1 49. Kg1 Qd1 50. Bxa3 Qxg4 51. Qxg4 Bxg4 52. Ng3 f5 53. exf5 gxf5 54. Bd6 Bf6 55. Bf4 Bh4 56. Kf2 Bd1 57. Ke1 Ba4 58. Kd2 Bxg3 59. Bxg3 Ke6 60. Bc7 Kf6 61. Bb6 Ke5 62. Bc5 f4 63. Bf8 f3 64. Bg7+ Kf4 65. Bxd4 Kg3 66. Ke1 Bc2 67. Bf2+ Kg2 68. d4 Bd3 69. c5 Be4 70. a4 Bc6 71. a5 Kh3 72. Kd2 Kg4 73. Kc3 Kf5 74. Kc4 Ke6 75. Bg3 Be4 76. Kb5 Kd7 77. Kb6 Bc6 78. a6 Be4 79. Kb5 Bd5 80. Kb4 Kc6 81. Kc3 Kb5 82. a7 Ka6 83. Kd3 Kxa7 84. Ke3 Bc6 85. Kf4 Kb7 86. Ke5 Kc8 87. Kf5 Bd5 88. Ke5 Bc4 1/2-1/2

[Event "CZE Team Ch 9596"]
[Site "Czech Republic"]
[Date "1996.??.??"]
[Round "9"]
[White "Mrva, Martin"]
[Black "Mokry, Karel"]
[Result "1/2-1/2"]
[WhiteElo "2385"]
[BlackElo "2505"]
[PlyCount "111"]
[EventDate "1995.??.??"]
[Source "www.chesslib.no"]
[SourceDate "2004.05.04"]

1. e4 e5 2. Nf3 Nc6 3. Bb5 Nf6 4. d3 d6 5. c4 Be7 6. h3 O-O 7. Be3 Nb8 8. O-O c6 9. Ba4 a6 10. Nc3 b5 11. cxb5 cxb5 12. Bb3 Bb7 13. a3 Nbd7 14. Ba2 Rc8 15. Nh4 d5 16. exd5 Nxd5 17. Nf5 Nxc3 18. bxc3 Nf6 19. Re1 Qd7 20. Nxe7+ Qxe7 21. Bd4 Nd7 22. f4 Rfe8 23. Qh5 g6 24. Qh6 Qf8 25. Qxf8+ Kxf8 26. fxe5 Nc5 27. Rf1 Ne6 28. Rf6 Rc7 29. Raf1 Kg7 30. Bb6 Rd7 31. d4 Ree7 32. Bxe6 Rxe6 33. Bc5 Bd5 34. a4 bxa4 35. Rxe6 Bxe6 36. Rb1 Bb3 37. Kf2 f6 38. exf6+ Kxf6 39. Ke3 Ke6 40. Kd3 Kd5 41. Re1 Bc4+ 42. Kd2 Rf7 43. Re5+ Kc6 44. Bb4 Rf5 45. Rxf5 gxf5 46. g3 Kd5 47. Kc2 Bf1 48. h4 Kc4 49. Kb2 Bg2 50. Be7 Be4 51. Bf8 h5 52. Be7 Bd5 53. Bf8 Be4 54. Be7 Bd5 55. Bf8 Be4 56. Be7 1/2-1/2

[Event "SUI Ch int+"]
[Site "Switzerland"]
[Date "1989.??.??"]
[Round "5"]
[White "Trepp, Markus"]
[Black "Brunner, Lucas"]
[Result "0-1"]
[WhiteElo "2375"]
[BlackElo "2505"]
[PlyCount "66"]
[EventDate "1989.??.??"]
[Source "www.chesslib.no"]
[SourceDate "2004.05.04"]

1. e4 e5 2. Nf3 Nc6 3. Bb5 Nf6 4. d3 d6 5. c4 g6 6. Nc3 Bg7 7. Nd5 O-O 8. Nxf6+ Bxf6 9. Be3 Bg7 10. c5 f5 11. Qc2 Nd4 12. Nxd4 f4 13. Bd2 exd4 14. c6 Qg5 15. Qb3+ Kh8 16. g3 Be5 17. O-O-O Rb8 18. Qd5 bxc6 19. Bxc6 Qf6 20. gxf4 Bxf4 21. Bxf4 Qxf4+ 22. Rd2 Qf6 23. Rg1 Be6 24. Qa5 Rb6 25. Ba4 Bxa2 26. Qxa7 Qf4 27. Bc2 Be6 28. Re1 Rfb8 29. Qxc7 Rxb2 30. e5 Rc8 31. exd6 Rxc7 32. dxc7 Rxc2+ 33. Kxc2 Qxc7+ 0-1

[Event "Frohnleiten op"]
[Site "Frohnleiten"]
[Date "1999.??.??"]
[Round "4"]
[White "Kupreichik, Viktor D"]
[Black "Gorbatow, Alexej"]
[Result "1-0"]
[WhiteElo "2457"]
[BlackElo "2417"]
[PlyCount "97"]
[EventDate "1999.??.??"]
[Source "www.chesslib.no"]
[SourceDate "2004.05.04"]

1. e4 e5 2. Nf3 Nc6 3. Bb5 Nf6 4. d3 d6 5. c4 Be7 6. Nc3 O-O 7. h3 Nd7 8. Be3 f5 9. exf5 Rxf5 10. Qd2 Nb6 11. Qe2 Bd7 12. O-O a6 13. Bxc6 Bxc6 14. Nd2 Bg5 15. Nde4 Bf4 16. a4 Nc8 17. b4 Ne7 18. b5 Bd7 19. a5 Bxe3 20. Qxe3 axb5 21. Nxb5 Rf4 22. Qd2 Bc6 23. Nbc3 h6 24. f3 Rf7 25. Ne2 Qd7 26. N2g3 Qe6 27. Kh2 Ng6 28. Qe3 Bd7 29. Rab1 Bc8 30. Ra1 Ra6 31. Ne2 Qe7 32. N4c3 Qh4 33. Nd5 c6 34. Nb4 Ra8 35. Qe4 Nf4 36. Nxf4 Rxf4 37. Qe3 Be6 38. a6 bxa6 39. Nxc6 Qf6 40. Rf2 Rf8 41. Kg1 Qg6 42. Kh2 Qh5 43. Rxa6 e4 44. Ra7 Bxh3 45. gxh3 Rxf3 46. Ne7+ Kh8 47. Rxf3 exf3 48. Qe4 Rb8 49. Ra8 1-0

[Event "Muenster"]
[Site "Muenster"]
[Date "1992.??.??"]
[Round "8"]
[White "Luecke, Norbert"]
[Black "Keitlinghaus, Ludger"]
[Result "1-0"]
[WhiteElo "2410"]
[BlackElo "2460"]
[PlyCount "57"]
[EventDate "1992.07.??"]
[Source "ChessBase"]

1. e4 e5 2. Nf3 Nc6 3. Bb5 Nf6 4. d3 d6 5. c4 Bd7 6. Nc3 g6 7. h3 Bg7 8. Be3 Nh5 9. Qd2 O-O 10. Nd5 Ne7 11. Nxe7+ Qxe7 12. Bxd7 Qxd7 13. g4 Nf4 14. Bxf4 exf4 15. O-O b5 16. Rac1 bxc4 17. Rxc4 d5 18. exd5 Qxd5 19. Qxf4 Bxb2 20. Rxc7 Qxa2 21. d4 Rac8 22. Rb7 Qa3 23. Ne5 Bc1 24. Qf6 Qxh3 25. Rxf7 Qh6 26. Qe6 Kh8 27. Kg2 Rce8 28. Rxf8+ Qxf8 29. Nxg6+ 1-0

[Event "Werther GER"]
[Site "?"]
[Date "2006.04.09"]
[Round "6"]
[White "Kupreichik Viktor D"]
[Black "Hoffmann Alexander"]
[Result "1-0"]
[WhiteElo "2445"]
[BlackElo "2424"]
[PlyCount "83"]
[EventDate "2006.??.??"]
[Source "www.chesslib.no"]
[SourceDate "2004.05.04"]

1. e4 e5 2. Nf3 Nc6 3. Bb5 Nf6 4. d3 d6 5. c4 g6 6. Nc3 Bg7 7. d4 exd4 8. Nxd4 Bd7 9. O-O O-O 10. Bxc6 bxc6 11. Bg5 Qb8 12. b3 Qb4 13. Nde2 Rfe8 14. Qc2 a5 15. a3 Qb7 16. Rab1 c5 17. f3 Be6 18. h3 Nd7 19. f4 f5 20. Ng3 fxe4 21. Ncxe4 Rf8 22. Be7 Rfe8 23. Bh4 Bf5 24. Rfe1 Bxe4 25. Nxe4 Rf8 26. Bg3 Nf6 27. a4 Nxe4 28. Rxe4 Rae8 29. Rxe8 Rxe8 30. f5 gxf5 31. Qxf5 Re2 32. Bf2 Qc6 33. Re1 Rxe1+ 34. Bxe1 Qe8 35. Kf1 Bd4 36. Qg4+ Kh8 37. Qf3 c6 38. Bxa5 Qa8 39. Qf7 d5 40. Qe7 Kg8 41. Qd8+ Qxd8 42. Bxd8 1-0

[Event "Lone Pine op"]
[Site "Lone Pine"]
[Date "1981.??.??"]
[Round "?"]
[White "Davies, Nigel R"]
[Black "Benko, Pal C"]
[Result "0-1"]
[WhiteElo "2360"]
[BlackElo "2480"]
[PlyCount "124"]
[EventDate "1981.04.??"]
[Source "ChessBase"]

1. e4 e5 2. Nf3 Nc6 3. Bb5 Nf6 4. d3 d6 5. c4 g6 6. Nc3 Bg7 7. O-O O-O 8. Bxc6 bxc6 9. d4 exd4 10. Nxd4 c5 11. Nf3 Bb7 12. Re1 Re8 13. Qd3 Qe7 14. Bg5 h6 15. Nd5 Bxd5 16. exd5 Qd7 17. Bd2 Nh5 18. Rab1 Qa4 19. a3 a5 20. g3 Rxe1+ 21. Bxe1 Rb8 22. Bc3 Bxc3 23. Qxc3 Rb3 24. Qc2 Rxa3 25. b3 Ra2 26. Qe4 Qd7 27. Re1 a4 28. bxa4 Rxa4 29. Qe3 Kh7 30. Qe7 Qxe7 31. Rxe7 Kg7 32. Rxc7 Rxc4 33. Rd7 Nf6 34. Rxd6 Rc1+ 35. Kg2 Rd1 36. Ne5 Rxd5 37. Rxd5 Nxd5 38. Kf3 Nb6 39. Ke4 f5+ 40. Kd3 Kf6 41. f4 g5 42. h4 gxf4 43. gxf4 Ke6 44. h5 Nd7 45. Nf3 Nf6 46. Kc4 Nxh5 47. Kxc5 Nxf4 48. Kd4 Ng6 49. Ke3 Kf6 50. Nd4 Kg5 51. Kf3 h5 52. Ne6+ Kf6 53. Nc5 h4 54. Nd7+ Kg5 55. Nc5 Ne5+ 56. Kg2 Kg4 57. Ne6 h3+ 58. Kh2 Nf3+ 59. Kh1 Nd2 60. Kh2 Nf3+ 61. Kh1 Ng5 62. Nc5 Kg3 0-1

[Event "Kurgan (Russia)"]
[Site "?"]
[Date "2001.??.??"]
[Round "?"]
[White "Kupreichik Viktor D"]
[Black "Zhidkov Valery S"]
[Result "0-1"]
[WhiteElo "2453"]
[BlackElo "2385"]
[PlyCount "124"]
[EventDate "2001.??.??"]
[Source "www.chesslib.no"]
[SourceDate "2004.05.04"]

1. e4 e5 2. Nf3 Nc6 3. Bb5 Nf6 4. d3 d6 5. c4 Bd7 6. Nc3 g6 7. Be3 a6 8. Bxc6 Bxc6 9. Qd2 Ng4 10. Bg5 f6 11. Bh4 h5 12. h3 Nh6 13. d4 Bg7 14. O-O-O Nf7 15. Kb1 g5 16. Bg3 Bd7 17. h4 Bg4 18. dxe5 Nxe5 19. Bxe5 fxe5 20. hxg5 Qd7 21. Qe3 b6 22. Rd2 O-O-O 23. Nh4 Kb7 24. Nd5 Rde8 25. Rc1 Be6 26. g3 Qd8 27. Rd3 Rhf8 28. c5 bxc5 29. Rb3+ Kc6 30. Ra3 Qb8 31. f3 Kd7 32. Rxa6 Bxd5 33. exd5 e4 34. Qa3 Qb5 35. Ra5 Bxb2 36. Rxb5 Bxa3 37. Rc3 Bb4 38. Re3 exf3 39. Rxe8 Rxe8 40. Nxf3 Be1 41. Nh4 Bxg3 42. Nf5 Be5 43. g6 Rg8 44. a4 Rxg6 45. a5 Rg4 46. Rb8 Ra4 47. Rf8 Rxa5 48. Rf7+ Kc8 49. Ne7+ Kb7 50. Nc6 Rb5+ 51. Kc2 c4 52. Nxe5 dxe5 53. d6 Rc5 54. Rh7 Kc6 55. dxc7 Kd5 56. Kc3 h4 57. Rd7+ Ke6 58. Rh7 h3 59. Kb4 Kd6 60. Rh6+ Kd5 61. Rh7 c3 62. Rd7+ Ke6 0-1

[Event "Stockerau"]
[Site "Stockerau"]
[Date "1993.??.??"]
[Round "7"]
[White "Votava, Jan"]
[Black "Gyimesi, Zoltan"]
[Result "0-1"]
[WhiteElo "2425"]
[BlackElo "2395"]
[PlyCount "164"]
[EventDate "1993.??.??"]
[Source "www.chesslib.no"]
[SourceDate "2004.05.04"]

1. e4 e5 2. Nf3 Nc6 3. Bb5 Nf6 4. d3 d6 5. c4 g6 6. Nc3 Bg7 7. Bxc6+ bxc6 8. Bd2 O-O 9. h3 Kh8 10. Qc2 Ng8 11. O-O-O f5 12. Bg5 Qe8 13. Be3 Ne7 14. Ng1 Be6 15. f3 a6 16. Nge2 f4 17. Bf2 c5 18. Qa4 Bd7 19. Qa3 Qb8 20. Be1 Bf6 21. Nd5 Nxd5 22. cxd5 a5 23. Kb1 c6 24. Nc3 Qb4 25. Qa4 Rfb8 26. Qc2 Qb7 27. Ka1 Bg7 28. Rd2 Ra6 29. Bh4 cxd5 30. Nxd5 Be6 31. Nc3 Bg8 32. Nb1 Qf7 33. Qc4 Qa7 34. Qc2 Rab6 35. Na3 Rb4 36. Nc4 Qf7 37. Re2 Ra8 38. Be1 Rb6 39. Qa4 Rba6 40. Bc3 Qb7 41. Rc1 Be6 42. Be1 Bd7 43. Qd1 a4 44. Rc3 Be6 45. Ra3 Qb5 46. Qc2 Bf6 47. Bc3 Kg7 48. Be1 g5 49. Bd2 h5 50. Re1 Kf8 51. Rb1 Ke7 52. Be1 Bd7 53. b3 axb3 54. Raxb3 Qa4 55. R1b2 Be6 56. Kb1 R8a7 57. Rb7+ Rxb7 58. Rxb7+ Kf8 59. Rb8+ Kg7 60. Rb7+ Kg6 61. Qxa4 Rxa4 62. Kb2 d5 63. Nb6 Rd4 64. Nd7 Bxd7 65. Rxd7 dxe4 66. Rxd4 exf3 67. Re4 fxg2 68. Bf2 g4 69. hxg4 hxg4 70. Kc2 Kf5 71. Re1 g3 72. Bxg3 fxg3 73. Rg1 Kg4 74. Rxg2 Kh3 75. Rg1 g2 76. Kd2 Bg5+ 77. Ke2 Kh2 78. Rb1 g1=Q 79. Rxg1 Kxg1 80. Kf3 Kf1 81. Ke4 Ke2 82. a4 Bd8 0-1